Таблицы умножения, деления и процентирования

Chi tiết về thư mục
Tác giả chính: Макеев Ф. И. Федор Иванович
Ngôn ngữ:Tiếng Nga
Được phát hành: Москва, Экономика, 1964
Những chủ đề:
Định dạng: Sách
KOHA link:https://koha.lib.tpu.ru/cgi-bin/koha/opac-detail.pl?biblionumber=361698

MARC

LEADER 00000nam0a2200000 4500
001 361698
005 20231102011420.0
035 |a (RuTPU)RU\TPU\retro\19044 
090 |a 361698 
100 |a 20210629d1964 km y0rusy50 ca 
101 0 |a rus 
102 |a RU 
105 |a a z 001zy 
200 1 |a Таблицы умножения, деления и процентирования  |f Ф. И. Макеев 
210 |a Москва  |c Экономика  |d 1964 
215 |a 308 с.  |c табл. 
320 |a Библиогр.: с. 307 
606 1 |a Математические таблицы  |2 stltpush  |3 (RuTPU)RU\TPU\subj\41235  |9 61041 
610 1 |a умножение 
610 1 |a деление 
610 1 |a проценты 
610 1 |a правила 
610 1 |a примеры 
610 1 |a таблицы 
675 |a 519.66  |v 4 
700 1 |a Макеев  |b Ф. И.  |g Федор Иванович 
801 1 |a RU  |b 63413507  |c 20210629 
942 |c BK